| 000 | 00847cam a22001811 4500 | ||
|---|---|---|---|
| 082 |
_a624.2 _bSTE _cL-19, P-9 |
||
| 100 | 1 |
_aStewart, David S. _943385 |
|
| 245 | 1 | 0 |
_aInfluence lines, their practical use in bridge calculation; _ca text-book suitable for civil engineers, structural engineers, municipal and county engineers and students at universities and technical colleges, by David S. Stewart. With a foreword by Sir Thomas Hudson Beare. |
| 260 |
_aLondon, _bConstable & company ltd. _c[1939] |
||
| 300 |
_aviii, 209 p. _bdiagrs. |
||
| 500 | _a"First published 1939." | ||
| 500 | _a"Transparent book-mark", to be used with diagrams, attached to book. | ||
| 526 |
_a0 _b0 _c0 _d624_200000000000000_STE |
||
| 650 | 0 |
_aIron and steel bridges. _943386 |
|
| 650 | 0 |
_aMCE _9379 |
|
| 650 | 0 |
_aStructural analysis (Engineering) _9654 |
|
| 942 |
_2ddc _cBK |
||
| 999 |
_c547207 _d547207 |
||